000 00303nam a2200097Ia 4500
001 683952
005 20250826161448.0
008 250824s9999 xx 000 0 und d
245 0 _aGENETİĞİYLE OYNANMIŞ KAVRAMLAR VE AİLE MEDENİYETİNİN SONU
_cSAFFET KÖSE
260 _bSELÇUKLU BELEDİYESİ YAYINLARI
999 _c683952
_d683952